| 000 | 01858nas a22003015i 4500 | ||
|---|---|---|---|
| 001 | 1573-7322 | ||
| 003 | DE-He213 | ||
| 005 | 20200203193704.0 | ||
| 007 | cr nn 008mamaa | ||
| 008 | 150723s||||||||xxuuu poo|||||| b|EN |d | ||
| 022 | _a1573-7322 | ||
| 024 | 7 |
_a10.1007/10741.1573-7322 _2doi |
|
| 210 | 1 | 0 | _aHeart Fail Rev |
| 245 | 1 | 0 |
_aHeart Failure Reviews _h[electronic resource] / _cedited by Sidney Goldstein, Hani N. Sabbah. |
| 264 | 1 |
_aNew York : _bSpringer US : _bImprint: Springer. |
|
| 300 | _bonline resource. | ||
| 520 | _aHeart Failure Reviews is an international journal which develops links between basic scientists and clinical investigators, creating a unique, interdisciplinary dialogue focused on heart failure, its pathogenesis and treatment. The journal accordingly publishes papers in both basic and clinical research fields. Topics covered include clinical and surgical approaches to therapy, basic pharmacology, biochemistry, molecular biology, pathology, and electrophysiology. The reviews are comprehensive, expanding the reader's knowledge base and awareness of current research and new findings in this rapidly growing field of cardiovascular medicine. All reviews are thoroughly peer-reviewed before publication. | ||
| 650 | 0 | _aCardiology. | |
| 650 | 1 | 4 |
_aCardiology. _0http://scigraph.springernature.com/things/product-market-codes/H33037 |
| 700 | 1 |
_aGoldstein, Sidney. _eeditor. _4edt _4http://id.loc.gov/vocabulary/relators/edt |
|
| 700 | 1 |
_aSabbah, Hani N. _eeditor. _4edt _4http://id.loc.gov/vocabulary/relators/edt |
|
| 710 | 2 | _aSpringerLink (Online service) | |
| 776 | 0 | 8 |
_iPrinted version: _x1382-4147 |
| 856 | 4 | 0 |
_uhttps://doi.org/10.1007/10741.1573-7322 _zHybrid |
| 999 |
_c456142 _d456142 |
||
| 942 | _cEMG | ||